00507nam a2200205 a 4500001001300000003000900013005001700022008004100039020001000080082001700090100001700107245002900124260004500153300000900198500003500207505001000242650001100252700001800263700002000281nice12345678IN_TiNIC20260116011519.0050524s1941 mada grp 000 0 eng  ac10000a294.565bCHE aChenchiah, P aAsramas Past and Present aMadrasbIndian Christian Book Clubc1941 a326p aincludes index and biblioraphy2 aIndex aAsrama1 aV Chakkaria V1 aA N Sudarisanam